| 000 | 00503nam a22001577a 4500 | ||
|---|---|---|---|
| 003 | macl | ||
| 005 | 20180106121039.0 | ||
| 008 | 180106b xxu||||| |||| 00| 0 eng d | ||
| 040 | _cmacl | ||
| 082 | _a891.433/PRE/S | ||
| 100 |
_aमुंशी प्रेमचंद _945063 |
||
| 245 | _aविशिष्ट कहानियां | ||
| 260 |
_aदिल्ली _bशारदा प्रकाशन _c२००४ |
||
| 650 |
_aकहानियां _933092 |
||
| 942 |
_2ddc _cHIN |
||
| 999 |
_c57264 _d57264 |
||